-
HIDAYATULLAH, JUSTICE M AND MANOHAR, V.R
Entry Personal Name
Number of records used in: 1
001 - CONTROL NUMBER
003 - CONTROL NUMBER IDENTIFIER
005 - DATE AND TIME OF LATEST TRANSACTION
- control field:
20240603145147.0
008 - FIXED-LENGTH DATA ELEMENTS
- fixed length control field:
240603|| aca||aabn | a|a d
040 ## - CATALOGING SOURCE
- Original cataloging agency:
JRU
- Transcribing agency:
JRU
100 ## - HEADING--PERSONAL NAME
- Personal name:
HIDAYATULLAH, JUSTICE M AND MANOHAR, V.R
670 ## - SOURCE DATA FOUND
- Source citation:
Work cat.: (JRU)8522: HIDAYATULLAH, JUSTICE M AND MANOHAR, V.R, INDIAN PANAL COAD